Loading...
| BB | 0 | 3 | 1 | 0 | 25 | 73 | 79.33 | 3 | 3 | 0.00 | 0.00 |
| RC | 1 | 1 | 0 | 1 | 25 | 28 | 77.00 | 2 | 2 | 0.00 | 0.00 |
| MB | 0 | 2 | 0 | 1 | 20 | 82 | 101.50 | 1 | 2 | 0.00 | 0.00 |
| AW | 0 | 1 | 0 | 1 | 10 | 135 | 135.00 | 0 | 1 | 0.00 | 0.00 |
| 0 | 1 | 0 | 0 | 10 | 118 | 118.00 | 1 | 1 | 0.00 | 0.00 | |
| TR | 0 | 0 | 1 | 0 | -5 | 0.00 | 0 | 0 | 0.00 | 0.00 |
| RC | Christopher Smart | 15 | 28 |
| BB | fluid velocity | -5 | 56 |
| BB | palladium | 10 | 73 |
| BB | obstructive sleep apnea | 10 | 79 |
| MB | irony | 10 | 82 |
| BB | atmospheric aerosols | 10 | 86 |
| TR | Armenians | -5 | 104 |
| brothers of Jesus Christ | 10 | 118 | |
| MB | the Netherlands | 10 | 121 |
| RC | oranges | 10 | 126 |